000 00926nam a2200265Ia 4500
003 OSt
005 20221005112915.0
006 a|||||r|||| 00| 0
007 ta
008 221004b |||||||| |||| 00| 0 pan d
020 _a9788175993600 (hbk)
_cINR 700.00
024 _a67942
037 _b1166, 30/12/2019, H.K. Prakashan
_cTextual
040 _aCRL
_cCRL
_bpan
041 _2pan
_apan
082 _aO153,3N41,SA, Q9
100 _aਲੁਧਿਆਣਵੀ, ਸਾਖੀ, ਂਚ.
245 0 _aਸਾਹਿਲ
260 _aਦਿੱਲੀ
_bਨਵਯੁਗ ਪਬਲਿFਰਗ਼ ਭਾਰਤ
_c2019
300 _a395ਪ੍ਰ0
_ccm.
650 _a ਪੰਜਾਬੀ ਕਹਾਣੀ
650 _aਪੰਜਾਬੀ ਸਾਹਿਤ
942 _hO153,3N41,SA, Q9
_cTEXL
_2cc
999 _c1026383
_d1026383